[Event "Vellmar op-A 2nd"]
[Site "Vellmar"]
[Date "2010.07.09"]
[Round "2"]
[White "Kaiser, Joachim"]
[Black "Mueller, Joachim"]
[Result "1/2-1/2"]
[WhiteElo "2152"]
[BlackElo "2047"]
[PlyCount "44"]
[EventDate "2010.07.08"]
[EventType "swiss"]
[EventRounds "7"]
[EventCountry "GER"]
[SourceTitle "EXT 2011"]
[Source "ChessBase"]
[SourceDate "2010.11.26"]
[SourceVersion "1"]
[SourceVersionDate "2010.11.26"]
[SourceQuality "1"]

1. e4 c5 2. Nf3 Nc6 3. d4 cxd4 4. Nxd4 e5 5. Nf5 d5 6. Qxd5 Bxf5 7. Qxd8+ Rxd8 8. exf5 Nd4 9. Bd3 Ne7 10. Nc3 a6 11. f6 gxf6 12. Be3 Nec6 13. a3 Bg7 14. Ne2 Ke7 15. Nxd4 Nxd4 16. 0-0-0 h5 17. Bxd4 Rxd4 18. f3 Rhd8 19. Rde1 R8d6 20. Re4 Rxe4 21. fxe4 h4 22. Rf1 Bh6+ 1/2-1/2

[Event "Oberliga Nord O 0910"]
[Site "Germany"]
[Date "2009.11.29"]
[Round "3.6"]
[White "Woll, Wilfried"]
[Black "Kaiser, Joachim"]
[Result "0-1"]
[WhiteElo "2160"]
[BlackElo "2138"]
[PlyCount "80"]
[EventDate "2009.10.18"]
[EventType "team-tourn"]
[EventRounds "9"]
[EventCountry "GER"]
[SourceTitle "EXT 2011"]
[Source "ChessBase"]
[SourceDate "2010.11.26"]
[SourceVersion "1"]
[SourceVersionDate "2010.11.26"]
[SourceQuality "1"]
[WhiteTeam "Greifswald"]
[BlackTeam "Kreuzberg"]
[WhiteTeamCountry "GER"]
[BlackTeamCountry "GER"]

1. c4 e5 2. Nc3 Nf6 3. g3 Bc5 4. Bg2 0-0 5. a3 a5 6. e3 Nc6 7. Nge2 Re8 8. 0-0 d6 9. d4 Ba7 10. d5 Nb8 11. b4 Na6 12. Nb5 Bb6 13. Bd2 axb4 14. axb4 Bf5 15. Ra3 Qd7 16. Be1 Rad8 17. Rb3 Bh3 18. Nec3 Bxg2 19. Kxg2 c6 20. Na3 e4 21. dxc6 bxc6 22. Na4 Ba7 23. Bc3 Qe6 24. Qe2 Ng4 25. Rfb1 Ne5 26. c5 Nc7 27. Bxe5 dxe5 28. Nc4 Nd5 29. Nd6 Re7 30. Nxe4 f5 31. Ng5 Qf6 32. Nf3 e4 33. Ne1 Bb8 34. Rd1 Red7 35. Kh1 Nf4 36. gxf4 Rxd1 37. Nb2 R1d2 38. Qc4+ Kf8 39. Nc2 Rxf2 40. Na4 Rd1+ 0-1

[Event "Berlin-ch"]
[Site "Berlin"]
[Date "2009.04.17"]
[Round "7"]
[White "Hoppe, Frank"]
[Black "Kaiser, Joachim"]
[Result "0-1"]
[WhiteElo "2076"]
[BlackElo "2091"]
[PlyCount "74"]
[EventDate "2009.04.11"]
[EventType "swiss"]
[EventRounds "9"]
[EventCountry "GER"]
[SourceTitle "CBM 129 Extra"]
[Source "ChessBase"]
[SourceDate "2009.05.05"]
[SourceVersion "2"]
[SourceVersionDate "2009.05.20"]
[SourceQuality "1"]

1. e4 c6 2. Nc3 g6 3. Nf3 Bg7 4. g3 d5 5. exd5 cxd5 6. d4 Nc6 7. Bg2 Nf6 8. 0-0 0-0 9. Bf4 Qb6 10. Na4 Qa5 11. c3 Nh5 12. b4 Qd8 13. Qd2 Nxf4 14. Qxf4 e6 15. Nc5 b6 16. Nb3 Ba6 17. Rfe1 Rc8 18. a4 Ne7 19. Rac1 Nf5 20. g4 Nd6 21. Nbd2 Qc7 22. h4 Nc4 23. Qxc7 Rxc7 24. b5 Bb7 25. Nxc4 Rxc4 26. Bf1 Rc7 27. g5 Rfc8 28. Re3 Bf8 29. Ne5 Bb4 30. c4 Bd2 31. Rc2 Bxe3 32. fxe3 dxc4 33. Rxc4 Bd5 34. Rb4 Rc1 35. Kf2 R8c2+ 36. Be2 Rh1 37. Ng4 Kg7 0-1

[Event "Berlin op 04"]
[Site "Berlin"]
[Date "2006.04.16"]
[Round "3"]
[White "Zschaebitz, Klaus"]
[Black "Kaiser, Joachim"]
[Result "1-0"]
[WhiteElo "1992"]
[BlackElo "2081"]
[PlyCount "69"]
[EventDate "2006.04.14"]
[EventType "swiss"]
[EventRounds "9"]
[EventCountry "GER"]
[SourceTitle "EXT 2007"]
[Source "ChessBase"]
[SourceDate "2006.11.23"]
[SourceVersion "1"]
[SourceVersionDate "2006.11.23"]
[SourceQuality "1"]

1. d4 d5 2. Nf3 Bf5 3. Bf4 c5 4. e3 Nc6 5. c3 e6 6. Be2 Bd6 7. dxc5 Bxc5 8. Nbd2 h6 9. Nb3 Be7 10. Nbd4 Be4 11. Bb5 Bxf3 12. gxf3 Qb6 13. a4 a5 14. e4 Nf6 15. Be3 Bc5 16. e5 Nd7 17. f4 Bxd4 18. Bxd4 Nxd4 19. cxd4 Ke7 20. Qd3 Rhc8 21. Kd2 Rc7 22. Ra3 Rac8 23. Rc3 Rxc3 24. bxc3 Qc7 25. Rc1 Nb6 26. Qh7 Nc4+ 27. Ke2 Na3 28. Bd3 Qb6 29. Qxg7 Qb2+ 30. Kd1 Rxc3 31. Qf6+ Ke8 32. Rxc3 Qxc3 33. Ke2 Nc2 34. Bb5+ Kf8 35. Qh8+ 1-0

[Event "Oberliga Nord O 0506"]
[Site "Germany"]
[Date "2005.12.11"]
[Round "4.7"]
[White "Kaiser, Joachim"]
[Black "Schulz, Stefanie"]
[Result "1-0"]
[WhiteElo "2173"]
[BlackElo "2073"]
[PlyCount "119"]
[EventDate "2005.10.23"]
[EventType "team-tourn"]
[EventRounds "9"]
[EventCountry "GER"]
[SourceTitle "EXT 2007"]
[Source "ChessBase"]
[SourceDate "2006.11.23"]
[SourceVersion "1"]
[SourceVersionDate "2006.11.23"]
[SourceQuality "1"]
[WhiteTeam "Kreuzberg III"]
[BlackTeam "Koenig Tegel II"]
[WhiteTeamCountry "GER"]
[BlackTeamCountry "GER"]

1. e4 c5 2. Nf3 Nc6 3. d4 cxd4 4. Nxd4 g6 5. Nc3 Bg7 6. Be3 Nf6 7. Be2 d5 8. Bf3 dxe4 9. Nxc6 Qxd1+ 10. Rxd1 bxc6 11. Nxe4 0-0 12. Nxf6+ Bxf6 13. Bxc6 Rb8 14. b3 Bc3+ 15. Bd2 Ba6 16. Bxc3 Rbc8 17. Bd4 Rxc6 18. Rd2 e5 19. Bxa7 Ra8 20. Be3 f5 21. f3 f4 22. Bf2 Rc3 23. Kd1 Bb7 24. a4 e4 25. fxe4 Bxe4 26. Bd4 Rc7 27. Re1 Bf5 28. Be5 Bg4+ 29. Kc1 Re7 30. h3 Bf5 31. Rd5 Rae8 32. c4 Bc8 33. Rc5 Bb7 34. Re2 Bxg2 35. Rxg2 Rxe5 36. Rxe5 Rxe5 37. Kc2 Re3 38. Rg4 Rf3 39. a5 Kg7 40. a6 Rf2+ 41. Kb1 Rf1+ 42. Kb2 Rf2+ 43. Kc3 h5 44. Rg1 Ra2 45. b4 Rxa6 46. b5 Rf6 47. c5 f3 48. b6 f2 49. Rf1 Rf3+ 50. Kc4 Rf4+ 51. Kb5 g5 52. b7 Rf8 53. c6 g4 54. hxg4 hxg4 55. c7 Rf5+ 56. Kb6 g3 57. c8Q Rf6+ 58. Kc5 g2 59. Qg4+ Rg6 60. Qd4+ 1-0

[Event "Berlin-ch"]
[Site "Berlin"]
[Date "2003.04.18"]
[Round "1"]
[White "Gaerths, Ronny"]
[Black "Kaiser, Joachim"]
[Result "1-0"]
[WhiteElo "2189"]
[BlackElo "2120"]
[PlyCount "75"]
[EventDate "2003.04.??"]
[EventType "swiss"]
[EventRounds "9"]
[EventCountry "GER"]
[SourceTitle "EXT 2006"]
[Source "ChessBase"]
[SourceDate "2005.11.24"]
[SourceVersion "1"]
[SourceVersionDate "2005.11.24"]
[SourceQuality "1"]

1. Nf3 Nf6 2. c4 e6 3. Nc3 c5 4. g3 Nc6 5. Bg2 Be7 6. d4 cxd4 7. Nxd4 Qb6 8. Ndb5 0-0 9. Bf4 a6 10. Bc7 Qc5 11. Bd6 Qxc4 12. Na3 Qg4 13. h3 Qf5 14. Nc4 Bxd6 15. Nxd6 Qa5 16. 0-0 Qc7 17. Qd2 b5 18. Rfd1 Rb8 19. Rac1 Rb6 20. g4 Rd8 21. g5 Ne8 22. Nce4 Qb8 23. Nxe8 Rxe8 24. Nd6 Rf8 25. Nxc8 Rxc8 26. Qd6 Qa7 27. Qxd7 Qb8 28. Bxc6 g6 29. Bf3 Rxc1 30. Rxc1 Kg7 31. Rc7 Qf8 32. Bc6 Rb8 33. b4 Rd8 34. Qe7 Rd2 35. Qf6+ Kg8 36. Bd7 Rd1+ 37. Kg2 Qa8+ 38. f3 1-0

[Event "Berlin tt 0001"]
[Site "Berlin"]
[Date "2001.02.04"]
[Round "11.8"]
[White "Kaiser, Joachim"]
[Black "Reiche, Andreas"]
[Result "1-0"]
[WhiteElo "2084"]
[BlackElo "1936"]
[PlyCount "51"]
[EventDate "2000.10.22"]
[EventType "team"]
[EventRounds "11"]
[EventCountry "GER"]
[SourceTitle "EXT 2007"]
[Source "ChessBase"]
[SourceDate "2006.11.23"]
[SourceVersion "1"]
[SourceVersionDate "2006.11.23"]
[SourceQuality "1"]

1. e4 c5 2. Nf3 Nc6 3. c3 d5 4. exd5 Qxd5 5. d4 cxd4 6. cxd4 e6 7. Nc3 Bb4 8. Be2 Nge7 9. 0-0 Bxc3 10. bxc3 0-0 11. c4 Qd7 12. Bb2 b6 13. Qd2 Bb7 14. Rfd1 Ng6 15. h4 Qd6 16. h5 Nf4 17. Bf1 h6 18. d5 exd5 19. cxd5 Nxh5 20. dxc6 Qxd2 21. Rxd2 Bxc6 22. Ne5 Bb7 23. Bc4 Nf4 24. f3 Rad8 25. Bxf7+ Kh7 26. Rad1 1-0

[Event "Berlin op"]
[Site "Berlin"]
[Date "1996.??.??"]
[Round "?"]
[White "Kaiser, Joachim"]
[Black "Hintze, Peter"]
[Result "1-0"]
[WhiteElo "2085"]
[BlackElo "2088"]
[PlyCount "54"]
[EventDate "1996.??.??"]
[EventType "swiss"]
[EventRounds "9"]
[EventCountry "GER"]
[SourceTitle "EXT 2008"]
[Source "ChessBase"]
[SourceDate "2007.11.25"]
[SourceVersion "1"]
[SourceVersionDate "2007.11.25"]
[SourceQuality "1"]

1. e4 c5 2. Nf3 Nc6 3. c3 Nf6 4. e5 Nd5 5. d4 cxd4 6. cxd4 d6 7. a3 e6 8. Bd3 Be7 9. 0-0 0-0 10. Qe2 dxe5 11. dxe5 Qb6 12. Rd1 f5 13. exf6 Bxf6 14. Qe4 g6 15. Nbd2 Bd7 16. Nc4 Qc7 17. h4 b5 18. Ne3 Nce7 19. Ng4 Bg7 20. Bg5 Rae8 21. Rac1 Qb6 22. Nfe5 Bc8 23. h5 Rf5 24. hxg6 hxg6 25. Bh4 Rf4 26. Qe2 Bxe5 27. Bxe7 Bd4 1-0

[Event "Berlin op"]
[Site "Berlin"]
[Date "1996.??.??"]
[Round "?"]
[White "Kristovic, Stjepan"]
[Black "Kaiser, Joachim"]
[Result "1-0"]
[WhiteElo "1983"]
[BlackElo "2085"]
[PlyCount "55"]
[EventDate "1996.??.??"]
[EventType "swiss"]
[EventRounds "9"]
[EventCountry "GER"]
[SourceTitle "EXT 2008"]
[Source "ChessBase"]
[SourceDate "2007.11.25"]
[SourceVersion "1"]
[SourceVersionDate "2007.11.25"]
[SourceQuality "1"]

1. e4 c5 2. Nc3 Nc6 3. Bc4 g6 4. f4 Bg7 5. Nf3 d6 6. d3 e6 7. Bd2 Nge7 8. 0-0 0-0 9. Rb1 a6 10. a3 b5 11. Ba2 Bb7 12. Ne2 d5 13. Ng3 dxe4 14. Nxe4 Nd4 15. Kh1 Rc8 16. Nxd4 Bxd4 17. Qe2 Nf5 18. Rf3 Bd5 19. c4 bxc4 20. Bxc4 Bxc4 21. dxc4 Bg7 22. Rd3 Nd4 23. Qf2 Qb6 24. Bc3 Rfd8 25. Rbd1 Nb3 26. Nf6+ Kh8 27. Qh4 h5 28. Nxh5 1-0